[Event "38th ECC Open 2023"]
[Site "Durres ALB"]
[Date "2023.10.07"]
[Round "7.5"]
[White "Dardha, Daniel"]
[Black "Mamedov, Rauf"]
[Result "1/2-1/2"]
[WhiteElo "2580"]
[BlackElo "2640"]
[EventDate "2022.10.01"]
[Board "1"]

1. d4 d5 2. c4 c6 3. Nf3 Nf6 4. Qb3 e6 5. Nc3 dxc4 6. Qxc4 b5 7. Qd3 Nbd7
8. g3 Bb7 9. Bg2 a6 10. Ne5 Nxe5 11. dxe5 Qxd3 12. exd3 Nd5 13. Nxd5 cxd5
14. Be3 Rc8 15. Bd4 Kd7 16. Ke2 Rc2+ 17. Kd1 Rc8 18. Ke2 Rc2+ 19. Kd1 Rc8
20. Rc1 Rxc1+ 21. Kxc1 Be7 22. Kd2 Bb4+ 23. Kd1 Be7 24. Kd2 Bb4+ 25. Kd1
Be7 26. Kd2 1/2-1/2

[Event "38th ECC Open 2023"]
[Site "Durres ALB"]
[Date "2023.10.07"]
[Round "7.5"]
[White "Suleymanli, Aydin"]
[Black "Lagarde, Maxime"]
[Result "1-0"]
[WhiteElo "2588"]
[BlackElo "2626"]
[EventDate "2022.10.01"]
[Board "2"]

1. e4 e6 2. d4 d5 3. Nc3 Nf6 4. e5 Ne4 5. Nxe4 dxe4 6. Be3 c5 7. dxc5 Nd7
8. Qg4 Nxc5 9. Bb5+ Bd7 10. O-O-O Nd3+ 11. Bxd3 exd3 12. Rxd3 Qa5 13. Kb1
h5 14. Qd4 Bb5 15. Rd1 Be7 16. Nh3 Rc8 17. Bg5 Rc4 18. Qe3 Bc5 19. Qe1 Qxe1
20. Rhxe1 O-O 21. f3 Rc8 22. b3 Rc3 23. a4 Ba6 24. Re4 Bf8 25. Rd2 b5 26.
Nf4 R3c5 27. axb5 Bb7 28. Re3 Rxb5 29. Nxh5 f6 30. Bf4 a5 31. g4 Bd5 32.
exf6 g6 33. Ng3 a4 34. Rdd3 axb3 35. cxb3 Bc5 36. Rc3 Ra8 37. Red3 Rba5 38.
Kc2 Bf8 39. Kd1 Ra1+ 40. Ke2 Bb4 41. Rc2 R8a2 42. Rxa2 Rxa2+ 43. Bd2 Bd6
44. Ne4 1-0

[Event "38th ECC Open 2023"]
[Site "Durres ALB"]
[Date "2023.10.07"]
[Round "7.5"]
[White "Droin, Augustin"]
[Black "Ahmadzada, Ahmad"]
[Result "1-0"]
[WhiteElo "2468"]
[BlackElo "2494"]
[EventDate "2022.10.01"]
[Board "3"]

1. e4 e5 2. Nf3 Nc6 3. Bc4 Bc5 4. d3 Nf6 5. O-O O-O 6. a4 a5 7. h3 h6 8.
Re1 d6 9. c3 Be6 10. Nbd2 Bxc4 11. Nxc4 Re8 12. Be3 b6 13. Qc2 Qd7 14. d4
exd4 15. cxd4 Bb4 16. Ncd2 Bxd2 17. Bxd2 d5 18. e5 Ne4 19. Rac1 Nxd2 20.
Qxd2 Nd8 21. b3 Ne6 22. Nh4 Qe7 23. g3 Qb4 24. Qxb4 axb4 25. Red1 c5 26.
dxc5 Nxc5 27. Rxd5 Nxb3 28. Rb1 Nc5 29. Rxb4 Nxa4 30. Nf3 Rec8 31. Kg2 Rc2
32. Rd2 Rxd2 33. Nxd2 Nc5 34. Rxb6 Nd7 35. Rb5 f6 36. exf6 Nxf6 37. Nf1 Ra2
38. Kf3 Ra7 39. Ne3 Rd7 40. g4 Rf7 41. Kg2 Ne4 42. Nf5 Kh7 43. f3 Nc3 44.
Re5 Rd7 45. Kg3 Nd5 46. h4 Nf6 47. Re6 Rf7 48. Nd6 Ra7 49. Nc4 Kg8 50. Ne5
Ra8 51. Rd6 Nh7 52. Rd7 Nf8 53. Rb7 Rc8 54. g5 hxg5 55. hxg5 Kh7 56. Rb2
Kg8 57. g6 Ne6 58. Rb6 Re8 59. f4 Nc5 60. Kf3 Ne6 61. Nc6 Kf8 62. Kg4 Nc5
63. Nd4 Kg8 64. Rc6 Ne4 65. Ne6 Nf6+ 66. Kf5 Nd5 67. Rd6 Ne7+ 68. Kg5 Rb8
69. f5 Kh8 70. Rd7 Re8 1-0

[Event "38th ECC Open 2023"]
[Site "Durres ALB"]
[Date "2023.10.07"]
[Round "7.5"]
[White "Samadov, Read"]
[Black "Razafindratsima, Timothe"]
[Result "1-0"]
[WhiteElo "2492"]
[BlackElo "2459"]
[EventDate "2022.10.01"]
[Board "4"]

1. Nf3 Nf6 2. c4 e6 3. g3 d5 4. d4 dxc4 5. Bg2 c6 6. O-O b5 7. Ne5 Bb7 8.
a4 a6 9. b3 cxb3 10. Qxb3 Qxd4 11. Bb2 Qb4 12. Qc2 Qc5 13. Qd3 Be7 14. Nd2
Qb6 15. Ne4 Nd5 16. Nxf7 Kxf7 17. Qf3+ Bf6 18. Ng5+ Ke7 19. e4 Bxg5 20.
exd5 cxd5 21. a5 Qd6 22. Qg4 Bf6 23. Ba3 Nc6 24. Bxd6+ Kxd6 25. Rfe1 Rhe8
26. Rad1 Ne5 27. Qb4+ Kd7 28. Qf4 Nf7 29. Qg4 Kd6 30. Qh5 Ne5 31. f4 Nc4
32. f5 e5 33. Bxd5 Bxd5 34. Qf7 Rad8 35. Rxd5+ Kc6 36. Rxd8 Rxd8 37. Qa7
Bg5 38. Qxa6+ Kc5 39. h4 Bf6 40. Rb1 Nd2 41. Rxb5+ Kd4 42. Qb6+ Kd3 43.
Qxd8+ Bxd8 44. Rd5+ Ke2 45. Rxd8 Nf3+ 46. Kg2 Ne1+ 47. Kh3 1-0

[Event "38th ECC Open 2023"]
[Site "Durres ALB"]
[Date "2023.10.07"]
[Round "7.5"]
[White "Sadikhov, Ulvi"]
[Black "Guliyev, Namig"]
[Result "1/2-1/2"]
[WhiteElo "2492"]
[BlackElo "2531"]
[EventDate "2022.10.01"]
[Board "6"]

1. Nf3 d5 2. g3 Bg4 3. Bg2 Nd7 4. h3 Bxf3 5. Bxf3 Ngf6 6. O-O c6 7. d3 e5
8. e4 dxe4 9. dxe4 Bc5 10. Nd2 O-O 11. a4 a5 12. Nc4 Qc7 13. Qe2 Rfd8 14.
Rd1 Nf8 15. Bg5 Ne6 16. Bxf6 gxf6 17. c3 Rxd1+ 18. Rxd1 Rd8 19. Rxd8+ Qxd8
20. Bg4 b5 21. axb5 cxb5 22. Ne3 Bxe3 23. Qxe3 b4 24. h4 bxc3 25. Qxc3 Nd4
26. Qc5 Kg7 27. Qa7 Nb5 28. Qd7 Qb6 29. h5 h6 30. Be6 Qxe6 31. Qxb5 1/2-1/2

[Event "38th ECC Open 2023"]
[Site "Durres ALB"]
[Date "2023.10.07"]
[Round "7.6"]
[White "Mamedyarov, Shakhriyar"]
[Black "Alonso Rosell, Alvar"]
[Result "1/2-1/2"]
[WhiteElo "2734"]
[BlackElo "2574"]
[EventDate "2022.10.01"]
[Board "1"]

1. Nf3 Nf6 2. c4 c5 3. b3 g6 4. Bb2 Bg7 5. g3 Nc6 6. Bg2 d6 7. O-O O-O 8.
d4 cxd4 9. Nxd4 Bd7 10. e3 Qc8 11. Re1 Bh3 12. Bh1 Ne5 13. Nc3 h5 14. Qe2
h4 15. Rad1 hxg3 16. hxg3 Bg4 17. f3 Bd7 18. Bg2 Rb8 19. g4 a6 20. g5 Nh5
21. Nd5 Qd8 22. Nf4 Ng3 23. Qf2 Nf5 24. Nd5 Bc6 25. Nxc6 bxc6 26. Nc3 Qa5
27. Na4 Qxa4 28. Bxe5 Qa5 29. Bxg7 Nxg7 30. f4 Qc5 31. e4 Qxf2+ 32. Kxf2 f6
33. Ke3 fxg5 34. fxg5 c5 35. Bh3 a5 36. e5 a4 37. bxa4 Rb4 38. exd6 exd6
39. Rxd6 Rxa4 40. Be6+ Nxe6 41. Rxe6 Rxc4 42. Rxg6+ Kh7 43. Rh6+ Kg7 44.
Rb1 Re8+ 45. Kf3 Rf8+ 46. Kg3 Ra4 47. Rb7+ Rf7 48. Rbb6 Rf5 49. Rb7+ Rf7
50. Rbb6 Rf5 51. Rb7+ 1/2-1/2

[Event "38th ECC Open 2023"]
[Site "Durres ALB"]
[Date "2023.10.07"]
[Round "7.6"]
[White "Gines Esteo, Pedro Antonio"]
[Black "Amin, Bassem"]
[Result "0-1"]
[WhiteElo "2490"]
[BlackElo "2680"]
[EventDate "2022.10.01"]
[Board "2"]

1. d4 Nf6 2. c4 g6 3. Nc3 d5 4. Nf3 Bg7 5. cxd5 Nxd5 6. Bd2 O-O 7. Rc1 c5
8. Nxd5 Qxd5 9. Rxc5 Qxa2 10. e4 Qxb2 11. Bc4 Bg4 12. Rb5 Bxf3 13. Rxb2
Bxd1 14. Kxd1 Rd8 15. Rxb7 Rxd4 16. Rxe7 Nc6 17. Bxf7+ Kf8 18. Rc7 Bh6 19.
f4 Bxf4 20. Rf1 Rxd2+ 21. Ke1 Bxc7 22. Bd5+ Kg7 23. Kxd2 Ba5+ 24. Ke2 Rc8
25. Rf7+ Kh6 26. Bxc6 Rxc6 27. Rxa7 Bc7 28. g3 Kg5 29. Kf3 Rc3+ 30. Kg2
Rc2+ 31. Kh3 Bb6 32. Ra1 h5 33. Rb1 Bc5 34. Re1 Kf6 0-1

[Event "38th ECC Open 2023"]
[Site "Durres ALB"]
[Date "2023.10.07"]
[Round "7.6"]
[White "Korobov, Anton"]
[Black "Lopez Mulet, Inigo"]
[Result "1-0"]
[WhiteElo "2658"]
[BlackElo "2414"]
[EventDate "2022.10.01"]
[Board "3"]

1. d4 Nf6 2. c4 e6 3. Nc3 Bb4 4. e3 O-O 5. Bd3 c5 6. Nf3 d5 7. O-O cxd4 8.
exd4 dxc4 9. Bxc4 b6 10. Qe2 Nc6 11. Rd1 Ne7 12. Bg5 Bxc3 13. bxc3 Ned5 14.
Rac1 Bb7 15. Bd3 Qd6 16. Ne5 h6 17. Bd2 Rfd8 18. Qf3 Qe7 19. Bb1 Nd7 20. c4
Nxe5 21. dxe5 Nb4 22. Qg4 Kf8 23. h4 Nc6 24. Bc3 Rxd1+ 25. Rxd1 Rd8 26. Rd6
Ke8 27. Qg3 Qf8 28. Bc2 Rxd6 29. exd6 f6 30. Ba4 Kd7 31. Bb4 g5 32. c5 Qd8
33. hxg5 hxg5 34. Qh3 Qg8 35. cxb6 axb6 36. Qh6 f5 37. Qf6 Kc8 38. Qe7 Nxe7
39. dxe7 Bd5 40. a3 Qg7 41. e8=Q+ Kc7 42. Qe7+ Qxe7 43. Bxe7 g4 44. Kf1
Bc4+ 45. Ke1 b5 46. Bc2 Kc6 47. g3 Bd5 48. Bd3 1-0

[Event "38th ECC Open 2023"]
[Site "Durres ALB"]
[Date "2023.10.07"]
[Round "7.6"]
[White "Luque Saiz, Andres"]
[Black "Kryvoruchko, Yuriy"]
[Result "0-1"]
[WhiteElo "2339"]
[BlackElo "2656"]
[EventDate "2022.10.01"]
[Board "4"]

1. e4 c5 2. d4 cxd4 3. c3 dxc3 4. Nxc3 Nc6 5. Nf3 e6 6. Bc4 Bb4 7. O-O Nge7
8. a3 Bxc3 9. bxc3 O-O 10. Qd6 b6 11. Bg5 f6 12. Bf4 Na5 13. Ba2 Ba6 14.
Rfd1 Bc4 15. Qxd7 Qxd7 16. Rxd7 Ng6 17. Bc7 e5 18. a4 Rf7 19. Bxc4 Nxc4 20.
Rad1 Nf8 21. Rxf7 Kxf7 22. Nd2 Nxd2 23. Rxd2 Ne6 24. a5 Ke8 25. Bd6 bxa5
26. Kf1 Rc8 27. Ra2 Rc6 28. Ba3 Rxc3 29. f3 Nd4 30. Ra1 Nc2 31. Bb2 Rb3 0-1

[Event "38th ECC Open 2023"]
[Site "Durres ALB"]
[Date "2023.10.07"]
[Round "7.6"]
[White "Fedorchuk, Sergey A."]
[Black "Garcia Molina, Jose"]
[Result "1-0"]
[WhiteElo "2564"]
[BlackElo "2216"]
[EventDate "2022.10.01"]
[Board "5"]

1. e4 c5 2. Nf3 d6 3. d4 cxd4 4. Nxd4 Nf6 5. Nc3 Nc6 6. Be2 g6 7. Be3 Bg7
8. Qd2 O-O 9. O-O-O Bd7 10. h4 h5 11. f3 Ne5 12. g4 Rc8 13. gxh5 Nxh5 14.
Rhg1 Nc4 15. Bxc4 Rxc4 16. Kb1 Kh8 17. b3 Rc8 18. Nde2 Qa5 19. Rg5 Qb4 20.
Bd4 e5 21. Rxh5+ Kg8 22. Nd5 1-0

[Event "38th ECC Open 2023"]
[Site "Durres ALB"]
[Date "2023.10.07"]
[Round "7.6"]
[White "Sanz Wawer, Daniel"]
[Black "Maze, Sebastien"]
[Result "0-1"]
[WhiteElo "2359"]
[BlackElo "2546"]
[EventDate "2022.10.01"]
[Board "6"]

1. d4 Nf6 2. Nf3 g6 3. Bf4 d6 4. e3 Bg7 5. h3 O-O 6. Be2 b6 7. O-O Bb7 8.
c4 Nbd7 9. Nc3 Ne4 10. Nxe4 Bxe4 11. Nd2 Bb7 12. Bf3 Qc8 13. Bh2 c5 14.
Bxb7 Qxb7 15. Nf3 Rfc8 16. Qe2 a6 17. a4 Rab8 18. Rfc1 Bf6 19. b3 Rc7 20.
Ra2 b5 21. axb5 axb5 22. d5 Ra8 23. Rxa8+ Qxa8 24. e4 Ra7 25. cxb5 Ra2 26.
Qe3 Bb2 27. Rb1 f6 28. Bf4 Qa5 29. Qd3 Qc3 30. Qd1 Qa5 31. Qd3 Bc3 32. h4
Kf7 33. Rc1 Bb4 34. Nh2 Bd2 35. Bxd2 Rxd2 36. Qe3 Rb2 37. Nf3 Qxb5 38. Nd2
Qb4 39. Rd1 Kg7 40. h5 gxh5 41. Qg3+ Kf8 42. Qf4 Ne5 43. Qh6+ Kg8 44. Ra1
Qb8 45. Qe3 Rc2 46. f4 Ng4 47. Qd3 Qb4 48. Ra8+ Kg7 49. Qxc2 Qd4+ 50. Kh1
Qf2 51. Qb1 Qxd2 52. Qf1 Qe3 53. g3 Qxe4+ 54. Qg2 Qb1+ 55. Qg1 Qxb3 56. Ra1
Qxd5+ 57. Qg2 Qd3 58. Re1 Kf7 59. Qb7 Kg6 60. Qg2 e5 61. fxe5 fxe5 62. Qa8
Nf6 63. Qg2 c4 64. Rf1 d5 65. Kh2 Ng4+ 0-1

[Event "38th ECC Open 2023"]
[Site "Durres ALB"]
[Date "2023.10.07"]
[Round "7.7"]
[White "Blomqvist, Erik"]
[Black "Mikhalevski, Victor"]
[Result "1/2-1/2"]
[WhiteElo "2509"]
[BlackElo "2527"]
[EventDate "2022.10.01"]
[Board "1"]

1. e4 e5 2. Nf3 Nc6 3. Bb5 a6 4. Ba4 b5 5. Bb3 Na5 6. Nc3 d6 7. d4 exd4 8.
Qxd4 Ne7 9. Bg5 c5 10. Qe3 c4 11. O-O-O cxb3 12. axb3 Be6 13. Nd4 Qb6 14.
Kb1 O-O-O 15. Qg3 Re8 16. Rhe1 Nb7 17. Nd5 Nxd5 18. exd5 Bd7 19. Rxe8+ Bxe8
20. b4 a5 21. Qa3 Kb8 22. Qe3 Bd7 23. Nc6+ Kc7 24. Qxb6+ Kxb6 25. bxa5+ Kc7
26. a6 Nc5 27. Bd8+ Kc8 28. a7 Kb7 29. Bb6 g6 30. Bxc5 dxc5 31. Ne5 Bf5 32.
d6 Bg7 33. Nxf7 Bd7 34. Nxh8 Bxh8 35. Rd5 Bf6 36. Rxc5 Bd8 37. Rc3 Bb6 38.
Rf3 Bxa7 39. Rf7 Kc6 40. f3 Kxd6 41. Rxh7 Bd4 42. h4 Be8 43. c3 Be5 44. Kc2
Bg3 45. Kd3 Bd7 46. Ke3 Bf5 47. f4 Bg4 48. Rb7 Bd7 49. Rb6+ Bc6 50. Rb8 Ke6
51. Rc8 Bxg2 52. Rc5 Bxh4 53. Rxb5 Bf6 54. c4 Kd7 55. b4 Bf1 56. Rb7+ Kc6
57. Rf7 Bc3 58. b5+ Kb6 59. f5 Bxc4 60. fxg6 Bxf7 1/2-1/2

[Event "38th ECC Open 2023"]
[Site "Durres ALB"]
[Date "2023.10.07"]
[Round "7.7"]
[White "Kobo, Ori"]
[Black "Seo, Jung Min"]
[Result "1/2-1/2"]
[WhiteElo "2551"]
[BlackElo "2466"]
[EventDate "2022.10.01"]
[Board "2"]

1. Nf3 Nf6 2. c4 e6 3. g3 d5 4. d4 Bb4+ 5. Bd2 Be7 6. Bg2 O-O 7. Qc2 Nbd7
8. O-O c6 9. Rd1 b6 10. Ne5 Nxe5 11. dxe5 Ng4 12. cxd5 cxd5 13. e4 Bc5 14.
Be1 d4 15. b4 Be7 16. h3 Nxe5 17. f4 Ng6 18. e5 Rb8 19. Na3 Ba6 20. Qe4 Bb7
21. Qxd4 Bxg2 22. Qxd8 Rfxd8 23. Kxg2 a5 24. Rxd8+ Rxd8 25. Rb1 axb4 26.
Bxb4 Bxb4 27. Rxb4 Rd2+ 28. Kg1 Rxa2 29. Nc4 h5 30. h4 Ne7 31. Rxb6 Nf5 32.
Rb3 Kh7 33. Rd3 Kg6 34. Nd6 Re2 35. Kf1 Ra2 36. Nxf5 Kxf5 37. Rd7 Kg6 38.
Re7 Ra1+ 39. Kg2 Ra2+ 40. Kf3 Ra3+ 41. Ke4 1/2-1/2

[Event "38th ECC Open 2023"]
[Site "Durres ALB"]
[Date "2023.10.07"]
[Round "7.7"]
[White "Greenfeld, Alon"]
[Black "Barkhagen, Jonas"]
[Result "1/2-1/2"]
[WhiteElo "2455"]
[BlackElo "2425"]
[EventDate "2022.10.01"]
[Board "4"]

1. Nf3 d5 2. d4 c6 3. c4 Nf6 4. Nc3 dxc4 5. a4 e6 6. e3 c5 7. Bxc4 Nc6 8.
O-O cxd4 9. exd4 Be7 10. Qe2 O-O 11. Rd1 Nb4 12. a5 Bd7 13. Ne5 Be8 14. Bf4
a6 15. Qf3 Bc6 16. Nxc6 bxc6 17. Qe2 Nfd5 18. Be5 Nxc3 19. bxc3 Nd5 20. Rd3
Bd6 21. Rg3 Bxe5 22. dxe5 Ne7 23. Bxa6 Ra7 24. h4 Qa8 25. Bd3 Rxa5 26. Re1
Ra1 27. h5 Rxe1+ 28. Qxe1 Qd8 29. Qb1 h6 30. Qc1 Kh8 31. Qf4 Qd5 32. Kh2 c5
33. Bc2 Nc6 34. Re3 f5 35. exf6 Rxf6 36. Qe4 Qxh5+ 37. Kg1 Qf5 38. Qxf5
exf5 39. Re8+ Kh7 40. Rc8 Kg6 41. Ba4 Ne7 42. Rxc5 1/2-1/2

[Event "38th ECC Open 2023"]
[Site "Durres ALB"]
[Date "2023.10.07"]
[Round "7.7"]
[White "Kenneskog, Theodor"]
[Black "Postny, Evgeny"]
[Result "0-1"]
[WhiteElo "2335"]
[BlackElo "2568"]
[EventDate "2022.10.01"]
[Board "5"]

1. e4 c6 2. d4 d5 3. e5 Bf5 4. Nf3 e6 5. Be2 Nd7 6. O-O a6 7. Nbd2 Ne7 8.
Nb3 Bg6 9. a4 Nf5 10. Bd2 c5 11. dxc5 Nxc5 12. Nxc5 Bxc5 13. b4 Ba7 14. c4
dxc4 15. Bxc4 O-O 16. Bg5 Qxd1 17. Rfxd1 h6 18. Bf4 Rfd8 19. Be2 Ne7 20. b5
Rxd1+ 21. Rxd1 Nd5 22. Bd2 axb5 23. axb5 Bc5 24. Rc1 b6 25. Bc4 Ra4 26. Bb3
Ra3 27. Bd1 Bd3 28. Ne1 Bxb5 29. Bc2 Ra2 30. h3 Kf8 31. g3 Bc4 32. Rb1 b5
0-1

[Event "38th ECC Open 2023"]
[Site "Durres ALB"]
[Date "2023.10.07"]
[Round "7.7"]
[White "Huzman, Alexander"]
[Black "Bator, Robert"]
[Result "1-0"]
[WhiteElo "2526"]
[BlackElo "2342"]
[EventDate "2022.10.01"]
[Board "6"]

1. Nf3 d5 2. g3 Nf6 3. Bg2 e6 4. O-O Be7 5. d4 O-O 6. c4 dxc4 7. Qa4 a6 8.
Qxc4 b5 9. Qc2 Bb7 10. Bf4 Nc6 11. Nc3 Nb4 12. Qb3 c5 13. dxc5 Bxc5 14. Bg5
Nbd5 15. Ne4 Be7 16. Nxf6+ Bxf6 17. Bxf6 Nxf6 18. Qe3 Qe7 19. Rac1 Bd5 20.
Ne5 Qb7 21. Bxd5 Nxd5 22. Qd4 Rfc8 23. Rfd1 h6 24. Nd3 Rd8 25. Rc5 Nb6 26.
Qf4 Nd5 27. Qe4 Qe7 28. Rdc1 Nf6 29. Qf3 Qe8 30. Qc6 Nd7 31. R5c2 Qe7 32.
Qb7 Rdb8 33. Rc8+ Kh7 34. Rxb8 Rxb8 35. Qxa6 Nf6 36. Rc5 b4 37. Rb5 Rd8 38.
Rxb4 e5 39. Rb7 Qe8 40. Qb5 Qe6 41. Qb3 Qg4 42. Qxf7 Nh5 43. Nxe5 Qxe2 44.
Qf5+ Kg8 45. Kg2 Rf8 46. Rf7 Rd8 47. Ng4 Qa6 48. Qxh5 1-0

[Event "38th ECC Open 2023"]
[Site "Durres ALB"]
[Date "2023.10.07"]
[Round "7.8"]
[White "Bauer, Christian"]
[Black "Cahen, Alexis"]
[Result "1-0"]
[WhiteElo "2552"]
[BlackElo "2049"]
[EventDate "2022.10.01"]
[Board "2"]

1. d4 Nf6 2. Nf3 e6 3. g3 b6 4. Bg2 Bb7 5. c4 d5 6. Nc3 Nbd7 7. cxd5 Nxd5
8. O-O c5 9. Nxd5 Bxd5 10. Re1 cxd4 11. Qxd4 Nf6 12. Ne5 Bxg2 13. Qa4+ Nd7
14. Kxg2 f6 15. Nf3 Bd6 16. Rd1 Qc7 17. Be3 Rd8 18. Rac1 Qb8 19. Rc6 b5 20.
Qg4 Nb6 21. Bxb6 axb6 22. Qxe6+ Be7 23. Rdc1 Rf8 24. Rc8 Qb7 25. R1c7 1-0

[Event "38th ECC Open 2023"]
[Site "Durres ALB"]
[Date "2023.10.07"]
[Round "7.8"]
[White "Gengler, Pierre"]
[Black "Pelletier, Yannick"]
[Result "0-1"]
[WhiteElo "2130"]
[BlackElo "2514"]
[EventDate "2022.10.01"]
[Board "3"]

1. g3 d5 2. Bg2 c6 3. f4 Nf6 4. d3 Qb6 5. h3 Nh5 6. g4 Ng3 7. d4 Nxh1 8.
Bxh1 h5 9. Bf3 hxg4 10. hxg4 g5 11. e3 gxf4 12. exf4 Bg7 13. c3 c5 14. dxc5
Qxc5 15. Kf1 Rh2 16. Qe1 Nc6 17. Qg3 Rxb2 18. Be2 Rc2 19. Ba3 Qa5 20. Qd3
Bxc3 21. Qxc2 Bxa1 22. Qh7 Kf8 23. Nf3 Bxg4 24. Ne5 Bxe2+ 25. Kxe2 Bxe5 26.
fxe5 Ke8 27. Qg8+ Kd7 28. Qxf7 Rh8 29. Qf5+ Kc7 30. Kf2 Rh1 0-1

[Event "38th ECC Open 2023"]
[Site "Durres ALB"]
[Date "2023.10.07"]
[Round "7.8"]
[White "Petkidis, Anthony"]
[Black "Favier, Alain"]
[Result "1-0"]
[WhiteElo "2429"]
[BlackElo "2023"]
[EventDate "2022.10.01"]
[Board "4"]

1. e4 c5 2. Nf3 d6 3. d4 cxd4 4. Nxd4 Nf6 5. Nc3 a6 6. f3 e5 7. Nb3 Be6 8.
Be3 h5 9. Nd5 Nxd5 10. exd5 Bf5 11. Bd3 Bc8 12. Qd2 Be7 13. O-O-O Nd7 14.
Kb1 a5 15. a4 Kf8 16. Rhf1 Nf6 17. f4 e4 18. Bb5 Bg4 19. Rde1 h4 20. c4 Bf5
21. Nd4 Bg6 22. f5 Bh5 23. Rf4 Ng4 24. Rxe4 Ne5 25. c5 Kg8 26. Bf4 f6 27.
Ne6 Qb8 28. c6 bxc6 29. dxc6 Bf7 30. Bxe5 fxe5 31. Rg4 Bxe6 32. fxe6 Qb6
33. Rf1 Ra7 34. Rf7 Bf8 35. Rxa7 Qxa7 36. Qc2 Qc7 37. e7 1-0

[Event "38th ECC Open 2023"]
[Site "Durres ALB"]
[Date "2023.10.07"]
[Round "7.8"]
[White "Barthel, Ansgar"]
[Black "Vogt, Lothar"]
[Result "0-1"]
[WhiteElo "2056"]
[BlackElo "2286"]
[EventDate "2022.10.01"]
[Board "5"]

1. e4 c5 2. Nf3 Nc6 3. d4 cxd4 4. Nxd4 g6 5. Nc3 Bg7 6. Be3 Nf6 7. Bc4 O-O
8. Bb3 d6 9. f3 Bd7 10. Qd2 Nxd4 11. Bxd4 b5 12. O-O a5 13. a3 Rb8 14. Rfe1
a4 15. Ba2 b4 16. axb4 Rxb4 17. Nd5 Rxd4 18. Qxd4 Nxd5 19. Qxd5 Bxb2 20.
Qd1 Bxa1 21. Qxa1 Qb6+ 22. Kh1 Rc8 23. c4 Qc5 24. e5 dxe5 25. Rxe5 Qa3 26.
c5 e6 27. h4 Rxc5 28. Rxc5 Qxc5 29. Qf6 Bc6 30. Kh2 Qf5 31. Qd8+ Kg7 32.
Qd4+ e5 0-1

[Event "38th ECC Open 2023"]
[Site "Durres ALB"]
[Date "2023.10.07"]
[Round "7.8"]
[White "Friedrich, Norbert"]
[Black "Dahdah, Nagib"]
[Result "1/2-1/2"]
[WhiteElo "2193"]
[BlackElo "2073"]
[EventDate "2022.10.01"]
[Board "6"]

1. e4 e5 2. Nf3 Nc6 3. Bb5 a6 4. Ba4 f5 5. d4 exd4 6. e5 Bc5 7. O-O Nge7 8.
Bb3 Na5 9. Nxd4 Nxb3 10. Nxb3 Ba7 11. Qh5+ Kf8 12. Bg5 d6 13. exd6 Qxd6 14.
Rd1 Qg6 15. Qh4 Nc6 16. Nc3 Be6 17. Ne2 Re8 18. Nf4 Qf7 19. Re1 Kg8 20. Qg3
h6 21. Nxe6 Rxe6 22. Bd2 Rg6 23. Qf3 Kh7 24. Bc3 Rf8 25. Rad1 Rg5 26. Rd5
Rg6 27. a3 Re6 28. Rxe6 Qxe6 29. Qd3 Rf7 30. Kf1 Bb6 31. Nd2 g6 32. Nf3 Re7
33. Ng5+ hxg5 34. Qh3+ Kg8 35. Qh8+ Kf7 36. Qg7+ Ke8 37. Qh8+ Kf7 38. Qg7+
Ke8 39. Qh8+ Kf7 1/2-1/2

[Event "38th ECC Open 2023"]
[Site "Durres ALB"]
[Date "2023.10.07"]
[Round "7.9"]
[White "Bokros, Albert"]
[Black "Rodshtein, Maxim"]
[Result "1/2-1/2"]
[WhiteElo "2447"]
[BlackElo "2584"]
[EventDate "2022.10.01"]
[Board "2"]

1. e4 e6 2. d4 d5 3. exd5 exd5 4. Bd3 Nc6 5. c3 Be6 6. Bf4 Qd7 7. Nd2 Nge7
8. Qc2 Bf5 9. Ne2 O-O-O 10. O-O-O Bxd3 11. Qxd3 Ng6 12. Bg3 h5 13. h3 Nce7
14. Nf4 h4 15. Bh2 Nxf4 16. Bxf4 Ng6 17. Bh2 Bd6 18. Bxd6 Qxd6 19. Qf5+ Rd7
20. Nf3 Qf4+ 21. Qxf4 Nxf4 22. Ne5 Re7 23. Nd3 Ng6 24. Rhe1 Re4 25. f3 Ree8
26. Kd2 Kd7 27. b4 b6 28. a4 f6 29. Ra1 Ne7 30. b5 g5 1/2-1/2

[Event "38th ECC Open 2023"]
[Site "Durres ALB"]
[Date "2023.10.07"]
[Round "7.9"]
[White "Zanan, Evgeny"]
[Black "Borhy, Marcell"]
[Result "1-0"]
[WhiteElo "2465"]
[BlackElo "2390"]
[EventDate "2022.10.01"]
[Board "3"]

1. e4 c5 2. c3 Nf6 3. e5 Nd5 4. Nf3 Nc6 5. Bc4 Nb6 6. Bb3 d5 7. exd6 Qxd6
8. O-O Bf5 9. d4 cxd4 10. Nxd4 Nxd4 11. cxd4 g6 12. Re1 Bg7 13. Bg5 Bf6 14.
Bxf6 Qxf6 15. Nc3 O-O 16. Qf3 Rad8 17. Qxb7 Rd7 18. Qa6 Qxd4 19. Rad1 Bd3
20. Qa5 Rfd8 21. Qg5 Qf6 22. Qxf6 exf6 23. f3 f5 24. Rd2 Ba6 25. Rxd7 Rxd7
26. Rd1 Rxd1+ 27. Bxd1 Kg7 28. f4 Kf6 29. Kf2 g5 30. g3 gxf4 31. gxf4 Bb7
32. Be2 Nd7 33. Ke3 Nc5 34. b4 Ne4 35. Nb5 Ba6 36. Nxa7 Bxe2 37. Kxe2 Nc3+
38. Kd3 Nxa2 39. b5 Ke6 40. Kc4 Nc1 41. b6 Kd7 42. Kb5 Nd3 43. Nc6 Kc8 44.
Ka6 Nc5+ 45. Ka7 Kd7 46. Ne5+ Ke6 47. Nd3 Nxd3 48. b7 Nb4 49. Kb6 Nd5+ 50.
Ka5 Ne7 51. Kb5 1-0

[Event "38th ECC Open 2023"]
[Site "Durres ALB"]
[Date "2023.10.07"]
[Round "7.9"]
[White "Varga, Zoltan"]
[Black "Bronstein, Or"]
[Result "0-1"]
[WhiteElo "2356"]
[BlackElo "2433"]
[EventDate "2022.10.01"]
[Board "4"]

1. e4 c5 2. Nf3 d6 3. d4 cxd4 4. Qxd4 Nc6 5. Bb5 a6 6. Bxc6+ bxc6 7. O-O e5
8. Qe3 Ne7 9. Rd1 Ng6 10. c4 Qc7 11. Nc3 Be7 12. b3 O-O 13. Ba3 d5 14. Bxe7
d4 15. Qg5 f6 16. Qd2 Qxe7 0-1

[Event "38th ECC Open 2023"]
[Site "Durres ALB"]
[Date "2023.10.07"]
[Round "7.9"]
[White "Veinberg, Nimrod"]
[Black "Csonka, Attila Istvan"]
[Result "1-0"]
[WhiteElo "2402"]
[BlackElo "2297"]
[EventDate "2022.10.01"]
[Board "5"]

1. d4 Nf6 2. c4 e6 3. g3 d5 4. Bg2 Bb4+ 5. Nd2 O-O 6. Nf3 Nbd7 7. O-O c6 8.
Qc2 b6 9. e4 Bb7 10. e5 Ne8 11. cxd5 cxd5 12. Re1 Rc8 13. Qd1 Qc7 14. a3
Be7 15. Nb1 Ba6 16. Nc3 Nb8 17. Bf4 Qb7 18. Rc1 Nc6 19. h4 Bc4 20. Ne4 Na5
21. Nd6 Nxd6 22. exd6 Bf6 23. Ne5 Bxe5 24. dxe5 Qd7 25. Qg4 Kh8 26. Be3 Nb3
27. Rc3 Nc5 28. Qd4 Qb5 29. Rb1 Nb3 30. Qd1 a5 31. a4 Qb4 32. Bg5 f6 33.
exf6 gxf6 34. Bh6 d4 35. d7 Rcd8 36. Bxf8 Rxf8 37. Bf1 Bd5 38. Rc8 Qe7 39.
Qh5 1-0